000
00307nam a2200109Ia 4500
008
200302s9999 xx 000 0 und d
100
_a
Prab Bhatt and Others
245
_a
Reinforced concrete design theory and examples 3rd ed
260
_b
Taylor and Francis Group Publishing
260
_c
2013
300
_a
767
999
_c
6465
_d
6465